Dictée du certificat d'études de 1950 - Statistiques

Statistiques générales
  • Ce quiz a été pris 311 fois
  • Le résultat moyen est 22 sur 26
Statistiques - réponses
Indice Mot % Correct
SOI Chacun rentre chez {soi}
100%
RUELE par les {ruelles}
99%
10 H Enfin {dix heures} sonnent.
96%
VIEUX On longe de {vieilles} murailles
96%
MER l'odeur de la {mer}
95%
MOISSON de la {moisson},
94%
PARFIN se mêle au {parfum} chaud
94%
HABITER La maison que nous {habitons}
93%
OCEAN et comme on ne voit pas l'{Océan},
91%
REVENIR Sur la route, en {revenant},
91%
OR est dans la campagne, un peu {hors} du village.
90%
ECRASER et pendant qu'on {écrase} en marchant
90%
FAR un {phare}
90%
ENDORMIR et des étables {endormies}
89%
APERCEVOIR nous {apercevons}
89%
BATTRE la paille vide du blé {battu},
88%
HE à la pointe des {haies}
86%
PESIBLE dans la campagne {paisible}.
85%
FAR des lumières de {phares}
84%
ASPE d'un {aspect} étrange en ce moment...
82%
PRESQUILE luire de tous les côtés de la {presqu'île},
82%
PERDRE semblent {perdues}
74%
VIGI toutes ces {vigies}
67%
ECUEUIL des noirs {écueils}
65%
A ECLAS {à éclats}, un feu tournant, un feu fixe ;
57%
FROLER {frôlées} de figuiers énormes ;
40%
Aucun quiz correspondant
Distribution des résultats
% des personnes avec chaque résultat
Percentile par nombre de réponses
Votre historique - résultats
Vous n’avez pas pris ce quiz